[Event "4NCL/Div4a/GLOSG vs. GUI4"]
[Site "Telford ENG"]
[Date "2005.05.29"]
[Round "10.4"]
[White "Allinson, Julian"]
[Black "Buchanan, David"]
[Result "1-0"]
[WhiteElo "2107"]
[BlackElo "2100"]
[PlyCount "83"]
[EventDate "2005.05.29"]
[SourceDate "2004.09.21"]

1. d4 d5 2. Nf3 c5 3. c4 Nf6 4. cxd5 Nxd5 5. e4 Nf6 6. Nc3 cxd4 7. Qxd4 Qxd4 8.
Nxd4 e5 9. Ndb5 Na6 10. Be3 Bb4 11. a3 Bxc3+ 12. Nxc3 O-O 13. f3 Bd7 14. Rd1
Nc7 15. Bc4 Be6 16. Bxe6 Nxe6 17. O-O b6 18. Nb5 a6 19. Nc3 b5 20. Nd5 Rfd8 21.
Bb6 Rdb8 22. Be3 Rd8 23. Ne7+ Kf8 24. Nc6 Rxd1 25. Rxd1 Rc8 26. Nxe5 Ke7 27.
Kf2 Rc7 28. Ke2 Ne8 29. Nd3 Rc2+ 30. Rd2 Rxd2+ 31. Kxd2 N8c7 32. Nc5 Kd6 33.
Nxe6 Nxe6 34. Kd3 Ke5 35. Kc3 Kd6 36. f4 Nd8 37. Bd4 g6 38. Kd3 Ne6 39. f5 gxf5
40. exf5 Nf4+ 41. Ke4 Nxg2 42. Bf2 1-0

[Event "4NCL/Div4a/GLOSG vs. GUI4"]
[Site "Telford ENG"]
[Date "2005.05.29"]
[Round "10.5"]
[White "Taylor, Geoffrey P"]
[Black "Hill, David F"]
[Result "1/2-1/2"]
[WhiteElo "2135"]
[BlackElo "2071"]
[PlyCount "140"]
[EventDate "2005.05.29"]
[SourceDate "2004.09.21"]

1. e4 c5 2. Nf3 d6 3. d4 cxd4 4. Nxd4 Nf6 5. Nc3 g6 6. Be2 Bg7 7. Be3 Nc6 8.
O-O O-O 9. Nb3 b6 10. f4 Bb7 11. Bf3 Nd7 12. Qd2 Nc5 13. Rad1 Qb8 14. Qf2 e6
15. Rd2 Na5 16. Nxa5 bxa5 17. Rfd1 Bxc3 18. bxc3 Nxe4 19. Bxe4 Bxe4 20. Rxd6
Bd5 21. Rd7 Qb5 22. Rc7 Bxa2 23. Rc5 Qa6 24. Ra1 Rab8 25. Bd4 f6 26. Qe1 Rb2
27. c4 Rxc2 28. Qe4 Rxc4 29. Rxa2 Rd8 30. Rxc4 Qxc4 31. Re2 Qxd4+ 32. Qxd4 Rxd4
33. Rxe6 Rxf4 34. Re7 Kf8 35. Rxa7 h5 36. Rxa5 Kg7 37. g3 Rg4 38. Kg2 g5 39.
Kf3 Rb4 40. Ra3 g4+ 41. Kf2 Rb2+ 42. Kg1 Kg6 43. Ra5 Rc2 44. Rb5 Re2 45. Ra5
Re5 46. Ra6 Rf5 47. Kg2 h4 48. gxh4 Rf3 49. Ra8 Rh3 50. Rg8+ Kf5 51. Rh8 Kf4
52. Rh7 f5 53. Rh8 Rb3 54. Rf8 Rb2+ 55. Kg1 Rb6 56. Ra8 Rb3 57. Kg2 Rh3 58. Rh8
Rd3 59. Ra8 Rd2+ 60. Kg1 Kf3 61. Ra3+ Ke4 62. Ra8 f4 63. h5 Kf3 64. Ra3+ Ke2
65. Ra6 Rd3 66. h6 Rh3 67. Ra2+ Ke1 68. Ra1+ Ke2 69. Ra2+ Ke1 70. Ra1+ Ke2
1/2-1/2

[Event "4NCL/Div4a/GLOSG vs. GUI4"]
[Site "Telford ENG"]
[Date "2005.05.29"]
[Round "10.6"]
[White "Smart, Michael R"]
[Black "Martin, Peter"]
[Result "1/2-1/2"]
[WhiteElo "2070"]
[BlackElo "2025"]
[PlyCount "34"]
[EventDate "2005.05.29"]
[SourceDate "2004.09.21"]

1. e4 c6 2. d4 d5 3. exd5 cxd5 4. c4 Nf6 5. Nc3 e6 6. a3 Be7 7. Nf3 O-O 8. Bd3
dxc4 9. Bxc4 Nc6 10. O-O a6 11. d5 exd5 12. Nxd5 Nxd5 13. Bxd5 Qd6 14. Bg5 Bg4
15. Bxe7 Qxe7 16. Re1 Qf6 17. Qb3 Bxf3 1/2-1/2

[Event "4NCL/Div4a/RICB vs. CAMB2"]
[Site "Telford ENG"]
[Date "2005.05.30"]
[Round "11.1"]
[White "O'Toole, George"]
[Black "Pickard, Charles"]
[Result "0-1"]
[WhiteElo "1896"]
[BlackElo "2155"]
[PlyCount "90"]
[EventDate "2005.05.30"]
[SourceDate "2004.09.21"]

1. e4 c5 2. c3 e6 3. d4 d5 4. e5 Qb6 5. Nf3 Bd7 6. Be2 Bb5 7. O-O Bxe2 8. Qxe2
cxd4 9. Nxd4 Nc6 10. Be3 Bc5 11. a3 Nge7 12. Nxc6 bxc6 13. Bxc5 Qxc5 14. b4 Qb6
15. Nd2 O-O 16. Rac1 a5 17. Nb3 axb4 18. axb4 Ra3 19. Qb2 Rfa8 20. Ra1 Rxa1 21.
Rxa1 Qb8 22. g3 h5 23. Rxa8 Qxa8 24. Qa1 Qxa1+ 25. Nxa1 g5 26. Nc2 Ng6 27. f4
gxf4 28. gxf4 Nxf4 29. Nd4 f6 30. exf6 Kf7 31. Nxc6 Ne2+ 32. Kf1 Nxc3 33. Nd4
e5 34. b5 Na4 35. Ne2 Kxf6 36. Nc3 Nb6 37. Kf2 Kf5 38. Kf3 e4+ 39. Ke3 Ke5 40.
Ne2 Nc4+ 41. Kf2 d4 42. h4 d3 43. Ng3 e3+ 44. Ke1 d2+ 45. Ke2 Nb2 0-1

[Event "4NCL/Div4a/RICB vs. CAMB2"]
[Site "Telford ENG"]
[Date "2005.05.30"]
[Round "11.2"]
[White "Gooding, Ian"]
[Black "Zhou, Yang-Fan"]
[Result "1-0"]
[WhiteElo "2085"]
[BlackElo "1880"]
[PlyCount "120"]
[EventDate "2005.05.30"]
[SourceDate "2004.09.21"]

1. e4 c5 2. Nf3 d6 3. d4 cxd4 4. Nxd4 Nf6 5. Nc3 g6 6. Be3 Bg7 7. f3 O-O 8. Qd2
Nc6 9. O-O-O Nxd4 10. Bxd4 Be6 11. Kb1 a6 12. g4 Qc7 13. h4 Rfc8 14. h5 Qa5 15.
Nd5 Qxd2 16. Rxd2 Bxd5 17. exd5 Bh6 18. Rg2 Bg5 19. hxg6 fxg6 20. b3 b5 21. Bd3
Nxd5 22. Be4 e6 23. Rgh2 h6 24. Rd1 Kh7 25. Bb2 Bf4 26. Re2 Ra7 27. Bxd5 exd5
28. Rxd5 Rf7 29. Re6 Rc6 30. Ba3 Be5 31. Rdxe5 dxe5 32. Rxc6 Rxf3 33. Re6 Rf1+
34. Kb2 Rf4 35. Bd6 Rxg4 36. Bxe5 Re4 37. Re7+ Kg8 38. Bf6 Rxe7 39. Bxe7 Kf7
40. Bd8 g5 41. Kc3 Ke6 42. Kd4 Kf5 43. c4 g4 44. Bh4 bxc4 45. bxc4 Ke6 46. Kc5
a5 47. Kb6 Kd6 48. Bg3+ Kd7 49. Kxa5 Kc6 50. Kb4 Kb6 51. a4 Ka6 52. a5 h5 53.
c5 h4 54. Bxh4 Kb7 55. Kb5 Ka7 56. Kc6 g3 57. Bxg3 Ka8 58. Kd7 Kb7 59. c6+ Ka6
60. c7 Ka7 1-0

[Event "4NCL/Div4a/RICB vs. CAMB2"]
[Site "Telford ENG"]
[Date "2005.05.30"]
[Round "11.3"]
[White "Kenyon, Scott"]
[Black "Low, Ying Min"]
[Result "0-1"]
[WhiteElo "1875"]
[BlackElo "2027"]
[PlyCount "34"]
[EventDate "2005.05.30"]
[SourceDate "2004.09.21"]

1. e4 d5 2. exd5 Nf6 3. d4 Nxd5 4. c4 Nb6 5. b3 e5 6. dxe5 Qxd1+ 7. Kxd1 Bc5 8.
Nf3 Bg4 9. Be2 Nc6 10. Bb2 O-O-O+ 11. Nbd2 Bxf3 12. Bxf3 Bb4 13. Bc1 Nxe5 14.
Kc2 Rhe8 15. Be4 g6 16. f4 Ng4 17. Re1 f5 0-1

[Event "4NCL/Div4a/GUI4 vs. SLOS4"]
[Site "Telford ENG"]
[Date "2005.05.30"]
[Round "11.1"]
[White "Abayasekera, Roger"]
[Black "Ufodike, Bel"]
[Result "0-1"]
[WhiteElo "2210"]
[BlackElo "2095"]
[PlyCount "56"]
[EventDate "2005.05.30"]
[SourceDate "2004.09.21"]

1. Nf3 d5 2. b3 Nf6 3. Bb2 e6 4. c4 Bd6 5. g3 O-O 6. Bg2 c6 7. O-O Nbd7 8. Nc3
Qe7 9. d4 Ne8 10. e4 dxc4 11. bxc4 e5 12. d5 Nb6 13. Qb3 Bc5 14. Rae1 f6 15.
Kh1 Bg4 16. Nd2 Kh8 17. f4 Nd6 18. Ba3 Ndxc4 19. Nxc4 Nxc4 20. Bxc5 Qxc5 21.
Nb1 b5 22. Rc1 Rad8 23. Rc2 cxd5 24. exd5 Rxd5 25. Bxd5 Qxd5+ 26. Kg1 Qd4+ 27.
Rff2 e4 28. Qc3 Qc5 0-1

[Event "4NCL/Div4a/GUI4 vs. SLOS4"]
[Site "Telford ENG"]
[Date "2005.05.30"]
[Round "11.2"]
[White "Foster, James J"]
[Black "Anderton, Matthew N"]
[Result "0-1"]
[WhiteElo "2068"]
[BlackElo "2212"]
[PlyCount "94"]
[EventDate "2005.05.30"]
[SourceDate "2004.09.21"]

1. c4 Nf6 2. Nc3 g6 3. e4 d6 4. g3 Bg7 5. Bg2 c5 6. Nge2 Nc6 7. O-O O-O 8. h3
a6 9. f4 Bd7 10. d3 Ne8 11. g4 Rb8 12. f5 b5 13. cxb5 axb5 14. Rb1 Nc7 15. Qe1
b4 16. Nd1 Ne5 17. Qg3 Bb5 18. Nf2 c4 19. d4 Nc6 20. Qe3 c3 21. Nd3 Bxd3 22.
Qxd3 Nb5 23. e5 Ncxd4 24. Nxd4 dxe5 25. bxc3 Nxc3 26. fxg6 hxg6 27. Rb2 Qxd4+
28. Qe3 e4 29. Rff2 Qxe3 30. Bxe3 Rbd8 31. Bc5 Rd7 32. Kh1 Bd4 33. Rbd2 Rfd8
34. Bxb4 e3 35. Rxd4 Rxd4 36. Bxc3 Rd1+ 37. Rf1 R8d3 38. Bb4 Rd4 39. Bc3 e2 40.
Re1 Rc4 41. Ba5 Rf4 42. Bc3 e5 43. g5 e4 44. Kh2 Rxe1 45. Bxe1 Rf1 46. Kg3 Rxe1
47. Kf2 Rg1 0-1

[Event "4NCL/Div4a/GUI4 vs. SLOS4"]
[Site "Telford ENG"]
[Date "2005.05.30"]
[Round "11.3"]
[White "Cullen, Anthony P"]
[Black "Varnam, Liam D"]
[Result "0-1"]
[WhiteElo "2125"]
[BlackElo "2092"]
[PlyCount "42"]
[EventDate "2005.05.30"]
[SourceDate "2004.09.21"]

1. d4 d5 2. c4 c6 3. Nc3 dxc4 4. a4 Nf6 5. e4 e5 6. Nf3 Bb4 7. Nxe5 Nxe4 8.
Bxc4 Nxc3 9. Bxf7+ Kf8 10. bxc3 Bxc3+ 11. Kf1 Nd7 12. Ba3+ c5 13. Qh5 b6 14.
dxc5 Nxc5 15. Bc4 Qf6 16. Ng6+ hxg6 17. Qxh8+ Ke7 18. Rd1 Bd4 19. Rd2 Be6 20.
Qxa8 Bxc4+ 21. Kg1 Bxf2+ 0-1

[Event "4NCL/Div4a/GUI4 vs. SLOS4"]
[Site "Telford ENG"]
[Date "2005.05.30"]
[Round "11.5"]
[White "Punnett, Alan K"]
[Black "Coddington, Oliver"]
[Result "1/2-1/2"]
[WhiteElo "2120"]
[BlackElo "1962"]
[PlyCount "110"]
[EventDate "2005.05.30"]
[SourceDate "2004.09.21"]

1. d4 d6 2. Nf3 c6 3. g3 Nf6 4. Bg2 Qa5+ 5. Nbd2 e5 6. dxe5 dxe5 7. O-O Be6 8.
Ng5 Bf5 9. Nde4 Nxe4 10. Nxe4 Qd8 11. c3 Qxd1 12. Rxd1 Na6 13. Be3 Bxe4 14.
Bxe4 Bc5 15. Bxc5 Nxc5 16. Bg2 Ke7 17. b4 Na4 18. Rdc1 Kd6 19. c4 Rad8 20. Rab1
Kc7 21. Rb3 Rd2 22. Ra3 Nb6 23. b5 Rhd8 24. Bf3 Rd1+ 25. Rxd1 Rxd1+ 26. Kg2
Nxc4 27. Rxa7 Kb6 28. Ra8 Kxb5 29. Rg8 g6 30. Rg7 Nd6 31. Rxh7 Ra1 32. h4 Rxa2
33. h5 gxh5 34. Rxh5 f6 35. Rh6 e4 36. Bh5 Kc5 37. Rxf6 b5 38. e3 b4 39. Bd1
Nc4 40. Kh3 Rd2 41. Ba4 Na5 42. Rf5+ Kb6 43. Rf8 Kc5 44. Rf5+ Rd5 45. Kg4 b3
46. Rxd5+ Kxd5 47. Kf5 b2 48. Bc2 Nc4 49. g4 Na3 50. Bxe4+ Kd6 51. g5 b1=Q 52.
Bxb1 Nxb1 53. g6 Nc3 54. e4 Ke7 55. Ke5 Nxe4 1/2-1/2

[Event "4NCL/Div4a/GUI4 vs. SLOS4"]
[Site "Telford ENG"]
[Date "2005.05.30"]
[Round "11.6"]
[White "Jeffries, Majid"]
[Black "Stimpson, Philip M"]
[Result "1-0"]
[WhiteElo "2019"]
[BlackElo "2125"]
[PlyCount "55"]
[EventDate "2005.05.30"]
[SourceDate "2004.09.21"]

1. d4 Nf6 2. c4 e5 3. dxe5 Ng4 4. Nf3 Nc6 5. e3 Ngxe5 6. Be2 g6 7. Nc3 Bg7 8.
O-O O-O 9. Nd4 d6 10. a3 a5 11. Rb1 Bd7 12. Ndb5 Rc8 13. f4 Qh4 14. g3 Qh3 15.
fxe5 Bxe5 16. Bf3 Bxg3 17. hxg3 Qxg3+ 18. Bg2 Ne5 19. Ne4 Qh4 20. Nf6+ Kg7 21.
Qd4 Qxd4 22. exd4 Bf5 23. Rxf5 gxf5 24. Nh5+ Kh8 25. dxe5 dxe5 26. Bg5 e4 27.
Bf6+ Kg8 28. Bh3 1-0

[Event "4NCL/Div4a/AD3 vs. CONQ"]
[Site "Telford ENG"]
[Date "2005.05.30"]
[Round "11.1"]
[White "Young, Norman C"]
[Black "Prizant, Michael"]
[Result "0-1"]
[WhiteElo "1810"]
[BlackElo "2125"]
[PlyCount "140"]
[EventDate "2005.05.30"]
[SourceDate "2004.09.21"]

1. d4 d5 2. c4 e6 3. Nc3 c5 4. Nf3 Nc6 5. cxd5 exd5 6. e3 Nf6 7. Be2 Be7 8. O-O
O-O 9. b3 a6 10. Bb2 Re8 11. Rc1 cxd4 12. Nxd4 Bd6 13. Nf3 Bg4 14. h3 Bh5 15.
Re1 Bc7 16. Nh2 Qd6 17. Nf1 Bg6 18. Bd3 d4 19. Bxg6 dxc3 20. Bxh7+ Nxh7 21.
Bxc3 Qxd1 22. Rexd1 Rad8 23. Nd2 Ng5 24. Kf1 Ne6 25. Nf3 Rxd1+ 26. Rxd1 Rd8 27.
Rxd8+ Bxd8 28. Ke2 Kf8 29. g4 f6 30. h4 Kf7 31. Kd3 Nc5+ 32. Kc4 Ne4 33. Be1
Ke6 34. a4 Be7 35. Nd4+ Nxd4 36. Kxd4 Nc5 37. Kc4 Nd7 38. f4 Ba3 39. Bd2 Nb6+
40. Kd3 Bb2 41. e4 Nd7 42. Be3 b5 43. axb5 axb5 44. b4 Nb8 45. Kc2 Ba1 46. Kd3
Nc6 47. Bc5 Bb2 48. Bf8 Kf7 49. Bc5 Bc1 50. f5 Bf4 51. Kc3 Bg3 52. g5 Bxh4 53.
g6+ Kg8 54. Kb3 Be1 55. Ka3 Ne5 56. Kb3 Nc4 57. Kc2 Bg3 58. Kd3 Be5 59. Kc2 Bd6
60. Kc3 Kf8 61. Kd4 Ke7 62. Kd5 Bxc5 63. Kxc5 Nd6 64. Kd5 Kd7 65. Kd4 Kc6 66.
Kd3 Nc4 67. Kc3 Kd6 68. Kd4 Nb6 69. Kc3 Ke5 70. Kd3 Nc4 0-1

[Event "4NCL/Div4a/AD3 vs. CONQ"]
[Site "Telford ENG"]
[Date "2005.05.30"]
[Round "11.2"]
[White "Jackson, Paul G"]
[Black "Nixon, Peter"]
[Result "1-0"]
[WhiteElo "1950"]
[BlackElo "1700"]
[PlyCount "67"]
[EventDate "2005.05.30"]
[SourceDate "2004.09.21"]

1. d4 d5 2. c4 Nf6 3. Nc3 e6 4. cxd5 Nxd5 5. e4 Nxc3 6. bxc3 c6 7. Bd3 Be7 8.
Ne2 Nd7 9. O-O Nf6 10. f4 O-O 11. Kh1 Qc7 12. Be3 Ng4 13. Bg1 g6 14. Ng3 Nh6
15. e5 b6 16. Qf3 Bd7 17. Ne4 Nf5 18. g4 Nh6 19. Nf6+ Bxf6 20. exf6 Kh8 21. Qh3
Ng8 22. Qh4 c5 23. Be4 Bc6 24. Bf3 Qb7 25. Kg2 Rad8 26. g5 Rd6 27. Be3 cxd4 28.
Bxd4 Rfd8 29. Rad1 Bxf3+ 30. Rxf3 Qd5 31. Rd2 Rc8 32. Kf2 Rc4 33. Rh3 Qxd4+ 34.
cxd4 1-0

[Event "4NCL/Div4a/AD3 vs. CONQ"]
[Site "Telford ENG"]
[Date "2005.05.30"]
[Round "11.3"]
[White "Jones, Simon A"]
[Black "Foster, James C"]
[Result "0-1"]
[WhiteElo "1725"]
[BlackElo "1835"]
[PlyCount "68"]
[EventDate "2005.05.30"]
[SourceDate "2004.09.21"]

1. e4 d5 2. exd5 Qxd5 3. Nc3 Qa5 4. Nf3 Nf6 5. Bc4 c6 6. d4 Bf5 7. Bd2 e6 8. a3
Nbd7 9. b4 Qc7 10. O-O Bd6 11. h3 h6 12. Re1 O-O 13. Rc1 Kh8 14. Nh4 Bh7 15.
Qe2 Rg8 16. Bd3 g5 17. Bxh7 Nxh7 18. Nf3 Ndf8 19. Ne4 Bf4 20. Bxf4 gxf4 21. c4
Re8 22. Qb2 f5 23. d5+ e5 24. Nc5 Qg7 25. Nh4 Ng5 26. Qc3 f3 27. g3 Nxh3+ 28.
Kh2 Nxf2 29. Qxf3 Ng4+ 30. Kg2 e4 31. Qxf5 Qb2+ 32. Kg1 Qh2+ 33. Kf1 Qh1+ 34.
Ke2 Qh2+ 0-1

[Event "4NCL/Div4a/AD3 vs. CONQ"]
[Site "Telford ENG"]
[Date "2005.05.30"]
[Round "11.4"]
[White "Goldberg, Nathan"]
[Black "Hennion, Josh"]
[Result "1-0"]
[WhiteElo "1905"]
[BlackElo "1600"]
[PlyCount "120"]
[EventDate "2005.05.30"]
[SourceDate "2004.09.21"]

1. e4 e6 2. d4 d5 3. e5 c5 4. c3 Nc6 5. Nf3 Qb6 6. a3 cxd4 7. cxd4 a6 8. b4 Bd7
9. Nc3 Be7 10. Be2 Bd8 11. Na4 Qc7 12. Nc5 Nge7 13. Bb2 O-O 14. Rc1 Bc8 15. O-O
Qb8 16. Bd3 h6 17. Qe2 Bb6 18. Nd2 Ba7 19. f4 Bxc5 20. Rxc5 Bd7 21. Qh5 Qe8 22.
g4 f5 23. Qxe8 Raxe8 24. gxf5 Nxf5 25. Bxf5 Rxf5 26. b5 axb5 27. Rxb5 Bc8 28.
Rb3 Ref8 29. Rbf3 Ne7 30. Kg2 Ng6 31. Kg3 Bd7 32. R1f2 Ne7 33. Nf1 g6 34. Ne3
R5f7 35. Ng4 Kg7 36. Nf6 Ng8 37. Nxd7 Rxd7 38. Rc2 Ne7 39. Rc5 Nf5+ 40. Kh3
Rdf7 41. a4 h5 42. Rb3 Nh6 43. Rcb5 Kg8 44. Ba3 Rc8 45. Bc5 Rxf4 46. Rxb7 Rf7
47. a5 Rxb7 48. Rxb7 Ra8 49. Bb6 Nf5 50. Kg2 Ne3+ 51. Kf3 Nc4 52. Re7 Nxb6 53.
axb6 Ra3+ 54. Kf4 Rb3 55. b7 Kf8 56. Rc7 Ke8 57. Rc8+ Kd7 58. b8=Q Rxb8 59.
Rxb8 Kc6 60. Kg5 Kc7 1-0

[Event "4NCL/Div4a/AD3 vs. CONQ"]
[Site "Telford ENG"]
[Date "2005.05.30"]
[Round "11.5"]
[White "Moore, Kevin J"]
[Black "Ryan, Raymond"]
[Result "1-0"]
[WhiteElo "1655"]
[BlackElo "1720"]
[PlyCount "23"]
[EventDate "2005.05.30"]
[SourceDate "2004.09.21"]

1. e4 e5 2. f4 exf4 3. Nf3 Nf6 4. Nc3 d6 5. Bc4 Be6 6. Be2 Nc6 7. d4 d5 8. exd5
Nxd5 9. Nxd5 Bxd5 10. Bxf4 Bxf3 11. Bxf3 Qxd4 12. Bxc6+ 1-0

[Event "4NCL/Div4a/HKF3 vs. OXF2"]
[Site "Telford ENG"]
[Date "2005.05.30"]
[Round "11.2"]
[White "Ludbrook, Matt"]
[Black "James, Stephen B"]
[Result "1-0"]
[WhiteElo "2039"]
[BlackElo "2046"]
[PlyCount "91"]
[EventDate "2005.05.30"]
[SourceDate "2004.09.21"]

1. e4 e5 2. Nf3 Nc6 3. Bb5 a6 4. Ba4 Nf6 5. O-O Be7 6. Re1 b5 7. Bb3 O-O 8. c3
d5 9. exd5 Nxd5 10. Nxe5 Nxe5 11. Rxe5 c6 12. d4 Bd6 13. Re1 Qh4 14. g3 Qh3 15.
Be3 Bg4 16. Qd3 Rae8 17. Qf1 Qh5 18. Nd2 Re6 19. a4 bxa4 20. Rxa4 f5 21. Bxd5
cxd5 22. f4 Qe8 23. Bf2 Rxe1 24. Qxe1 Qxa4 25. Qe6+ Rf7 26. Qxd6 Qd1+ 27. Nf1
Bh3 28. Qd8+ Rf8 29. Qxd5+ Kh8 30. Qc4 Bxf1 31. Qxf1 Qxf1+ 32. Kxf1 Rb8 33. b4
Rc8 34. Be1 Kg8 35. Ke2 Kf7 36. Kd3 Ke6 37. c4 Kd6 38. d5 Re8 39. Bc3 g6 40.
Be5+ Kd7 41. c5 Kc8 42. Kd4 Kb7 43. Kc4 g5 44. c6+ Kb6 45. Bd4+ Kc7 46. Kc5 1-0

[Event "4NCL/Div4a/HKF3 vs. OXF2"]
[Site "Telford ENG"]
[Date "2005.05.30"]
[Round "11.3"]
[White "Spearman, David"]
[Black "Terry, Sean"]
[Result "1-0"]
[WhiteElo "2030"]
[BlackElo "2015"]
[PlyCount "47"]
[EventDate "2005.05.30"]
[SourceDate "2004.09.21"]

1. d4 a6 2. e4 d6 3. Bd3 h6 4. f4 b5 5. c3 Bb7 6. Nf3 Nd7 7. O-O Ngf6 8. e5 Ne4
9. Qe2 d5 10. f5 c5 11. e6 fxe6 12. fxe6 Ndf6 13. dxc5 Qc8 14. Nd4 Qxc5 15. Be3
Qc7 16. a4 bxa4 17. Rxa4 Qd6 18. Rb4 Bc8 19. Bf4 Qc5 20. Kh1 g5 21. Be5 a5 22.
Bb5+ Kd8 23. Nc6+ Ke8 24. Rxe4 1-0

[Event "4NCL/Div4a/HKF3 vs. OXF2"]
[Site "Telford ENG"]
[Date "2005.05.30"]
[Round "11.4"]
[White "Morris, Graham"]
[Black "Parmar, Amisha"]
[Result "1-0"]
[WhiteElo "2050"]
[BlackElo "1946"]
[PlyCount "53"]
[EventDate "2005.05.30"]
[SourceDate "2004.09.21"]

1. e4 c5 2. Nf3 d6 3. d4 cxd4 4. Nxd4 Nf6 5. Nc3 g6 6. Be3 Bg7 7. f3 O-O 8. Qd2
Nc6 9. O-O-O Nxd4 10. Bxd4 Be6 11. Nd5 Bxd5 12. exd5 Qd7 13. g4 Rfc8 14. Kb1
Rc7 15. c3 Qa4 16. h4 b5 17. h5 b4 18. c4 Bh6 19. Qe1 Bg5 20. hxg6 hxg6 21. Bd3
Kg7 22. f4 Bxf4 23. Qh4 Rg8 24. g5 Bxg5 25. Qxg5 Kf8 26. Rde1 Ne8 27. Rh7 1-0

[Event "4NCL/Div4a/HKF3 vs. OXF2"]
[Site "Telford ENG"]
[Date "2005.05.30"]
[Round "11.5"]
[White "Parmar, Jyoti"]
[Black "Smith, Jonathan"]
[Result "0-1"]
[WhiteElo "1565"]
[BlackElo "1925"]
[PlyCount "82"]
[EventDate "2005.05.30"]
[SourceDate "2004.09.21"]

1. e4 c5 2. Nf3 e6 3. Nc3 Nc6 4. Bc4 Nf6 5. O-O a6 6. d4 cxd4 7. Nxd4 d6 8. Be3
Be7 9. f4 O-O 10. Qf3 Qc7 11. Bb3 b5 12. e5 Nxd4 13. Qxa8 Bb7 14. Qa7 Nxb3 15.
axb3 Qc6 16. Rf2 Ng4 17. Re2 dxe5 18. Qb6 Nxe3 19. Qxc6 Bxc6 20. Rxe3 Bc5 21.
Nd1 exf4 22. Rxa6 fxe3 23. Kf1 Bxg2+ 24. Ke2 Rc8 25. Nxe3 Bxe3 26. Kxe3 Rxc2
27. Rb6 g6 28. Rxb5 Bh3 29. Kd3 Rxb2 30. Kc3 Rxh2 31. b4 Bg2 32. Rb8+ Kg7 33.
b5 Rh3+ 34. Kb4 Bd5 35. Kc5 Rb3 36. b6 h5 37. Kd6 h4 38. Kc7 h3 39. b7 Kf6 40.
Kc8 Ke7 41. Kc7 h2 0-1

[Event "4NCL/Div4a/HKF3 vs. OXF2"]
[Site "Telford ENG"]
[Date "2005.05.30"]
[Round "11.6"]
[White "Hadi, Justin"]
[Black "Fowler, Keith"]
[Result "1-0"]
[WhiteElo "1845"]
[BlackElo "1625"]
[PlyCount "61"]
[EventDate "2005.05.30"]
[SourceDate "2004.09.21"]

1. d4 d5 2. c4 e6 3. Nf3 Nf6 4. Bg5 Be7 5. Nc3 Nbd7 6. e3 O-O 7. Rc1 c6 8. Bd3
dxc4 9. Bxc4 b5 10. Bd3 Bb7 11. O-O b4 12. Ne4 Nxe4 13. Bxe7 Qxe7 14. Bxe4 Nf6
15. Bxc6 Bxc6 16. Rxc6 Rfc8 17. Qc2 Qd7 18. Rc1 Rxc6 19. Qxc6 Qd8 20. Ne5 Ne8
21. Qb7 Nd6 22. Qc7 Rc8 23. Qxd8+ Rxd8 24. Rc7 a5 25. g3 h5 26. Ra7 Rc8 27.
Rxa5 Rc2 28. b3 f6 29. Nd3 g5 30. Nxb4 Ne4 31. Nxc2 1-0

[Event "4NCL/Div4a/GLOSG vs. HKFC"]
[Site "Telford ENG"]
[Date "2005.05.30"]
[Round "11.1"]
[White "Hosken, Nigel"]
[Black "Fowler, Simon"]
[Result "0-1"]
[WhiteElo "2205"]
[BlackElo "2154"]
[PlyCount "94"]
[EventDate "2005.05.30"]
[SourceDate "2004.09.21"]

1. d4 d5 2. c4 e6 3. Nc3 c6 4. e3 f5 5. f4 Nf6 6. Nf3 Bd6 7. Be2 O-O 8. O-O Ne4
9. Nxe4 fxe4 10. Ne5 b6 11. b3 Bb7 12. Bb2 Qe7 13. Qe1 c5 14. Qg3 Nc6 15. Nxc6
Bxc6 16. Bc3 Bb7 17. Qe1 Rac8 18. Qd2 Ba6 19. cxd5 Bxe2 20. Qxe2 exd5 21. Rac1
Rc6 22. dxc5 bxc5 23. Rfd1 Qe6 24. Rc2 Rc7 25. g3 Rd7 26. Ba5 Be7 27. Rcd2 d4
28. Kg2 Bf6 29. Qb5 Qd5 30. Rc1 Be7 31. b4 cxb4 32. Qxd5+ Rxd5 33. Bc7 d3 34.
Be5 Bc5 35. Kf2 Rc8 36. Rb1 a5 37. g4 Bb6 38. Bb2 Rf8 39. f5 Rc8 40. h4 h5 41.
f6 gxf6 42. Bxf6 hxg4 43. Bg5 Rc2 44. Rbd1 Rdc5 45. Bf4 Rxd2+ 46. Rxd2 Rc2 47.
Ke1 g3 0-1

[Event "4NCL/Div4a/GLOSG vs. HKFC"]
[Site "Telford ENG"]
[Date "2005.05.30"]
[Round "11.2"]
[White "Tavoularis, Nicholas"]
[Black "White, Michael J R"]
[Result "0-1"]
[WhiteElo "2202"]
[BlackElo "2178"]
[PlyCount "60"]
[EventDate "2005.05.30"]
[SourceDate "2004.09.21"]

1. e4 e5 2. Bc4 Nf6 3. d3 Nc6 4. Nc3 Bb4 5. Nge2 d5 6. exd5 Nxd5 7. a3 Bxc3+ 8.
Nxc3 Nxc3 9. bxc3 O-O 10. O-O Re8 11. Rb1 Na5 12. Ba2 Be6 13. Bxe6 Rxe6 14. Qf3
Qe8 15. Qd5 b6 16. Be3 c5 17. Qe4 Rd8 18. a4 Qe7 19. Rb5 Nb7 20. Rb2 Nd6 21.
Qd5 Nf5 22. Qf3 Nh4 23. Qh3 f5 24. g3 Nf3+ 25. Kh1 Qb7 26. Qg2 f4 27. Bxc5 Rh6
28. h4 g5 29. Re1 gxh4 30. gxf4+ Rg6 0-1

[Event "4NCL/Div4a/GLOSG vs. HKFC"]
[Site "Telford ENG"]
[Date "2005.05.30"]
[Round "11.3"]
[White "Taylor, Geoffrey P"]
[Black "Wildig, Robert H"]
[Result "0-1"]
[WhiteElo "2135"]
[BlackElo "2080"]
[PlyCount "78"]
[EventDate "2005.05.30"]
[SourceDate "2004.09.21"]

1. e4 e6 2. d4 d5 3. e5 b6 4. c3 Qd7 5. Bd3 Ba6 6. Bc2 Ne7 7. Be3 Nf5 8. Ne2
Nc6 9. b4 Bb7 10. Nd2 a5 11. a3 Nce7 12. O-O Nxe3 13. fxe3 Nf5 14. Rf3 Be7 15.
Nb3 axb4 16. cxb4 O-O 17. Qb1 g6 18. Nbc1 c5 19. b5 f6 20. Rh3 fxe5 21. Nd3 e4
22. Ne5 Qe8 23. g4 Nh4 24. Qb3 c4 25. Qb2 Bg5 26. Nf4 Qe7 27. Qc1 Nf3+ 28. Nxf3
exf3 29. Bxg6 h6 30. Bb1 f2+ 31. Kf1 Rf6 32. Qc2 Bc8 33. Nh5 Rf7 34. Qg6+ Kf8
35. a4 Qb4 36. Qc2 e5 37. Rg3 e4 38. Ra2 Bd7 39. Rg2 Qe1# 0-1

[Event "4NCL/Div4a/GLOSG vs. HKFC"]
[Site "Telford ENG"]
[Date "2005.05.30"]
[Round "11.4"]
[White "Forman, Karl L"]
[Black "Bolt, Graham"]
[Result "0-1"]
[WhiteElo "2025"]
[BlackElo "2114"]
[PlyCount "90"]
[EventDate "2005.05.30"]
[SourceDate "2004.09.21"]

1. e4 c5 2. d4 cxd4 3. c3 Nf6 4. e5 Nd5 5. cxd4 e6 6. a3 d6 7. Nf3 Bd7 8. Bd3
Bc6 9. O-O Nd7 10. Nc3 Nxc3 11. bxc3 dxe5 12. Nxe5 Nxe5 13. dxe5 Qd5 14. Qf3
Qxf3 15. gxf3 Bc5 16. Be3 Bxe3 17. fxe3 O-O 18. Kf2 Rfd8 19. Ke2 Rac8 20. Rf2
Rd5 21. c4 Rxe5 22. f4 Ra5 23. e4 g6 24. h4 b6 25. e5 Bb7 26. h5 Ba6 27. hxg6
hxg6 28. Rh2 Kg7 29. Rah1 Rg8 30. Rh7+ Kf8 31. R1h6 Rc5 32. Ke3 Bxc4 33. Be4
Bd5 34. Bb1 Rc3+ 35. Kd4 Rxa3 36. Bc2 Ra2 37. Bd3 Rf2 38. f5 gxf5 39. Rf6 Rg7
40. Rh8+ Ke7 41. Bb5 Rf4+ 42. Kc3 Rf3+ 43. Kd2 Rg2+ 44. Kd1 Bc6 45. Bc4 Ra3 0-1

[Event "4NCL/Div4a/GLOSG vs. HKFC"]
[Site "Telford ENG"]
[Date "2005.05.30"]
[Round "11.5"]
[White "Buchanan, David"]
[Black "Bullock, Andrew"]
[Result "1-0"]
[WhiteElo "2100"]
[BlackElo "1985"]
[PlyCount "41"]
[EventDate "2005.05.30"]
[SourceDate "2004.09.21"]

1. e4 c5 2. c3 d5 3. exd5 Qxd5 4. d4 Nc6 5. Nf3 Bg4 6. Be2 O-O-O 7. c4 Qf5 8.
d5 Nb4 9. O-O e6 10. a3 Nxd5 11. cxd5 exd5 12. Qa4 Bxf3 13. Bxf3 Nf6 14. Nc3 a6
15. Rd1 Bd6 16. Nxd5 h5 17. Qb3 Nxd5 18. Bxd5 b5 19. Qf3 Qe5 20. g3 g5 21. Qxf7
1-0

[Event "4NCL/Div4a/GLOSG vs. HKFC"]
[Site "Telford ENG"]
[Date "2005.05.30"]
[Round "11.6"]
[White "Greatorex, Roger"]
[Black "Martin, Peter"]
[Result "1-0"]
[WhiteElo "1955"]
[BlackElo "2025"]
[PlyCount "81"]
[EventDate "2005.05.30"]
[SourceDate "2004.09.21"]

1. d4 g6 2. e4 Bg7 3. f4 c5 4. d5 d6 5. Nc3 Qa5 6. Bd2 Qb4 7. Bd3 Qxb2 8. Rb1
Qa3 9. Nb5 Qxa2 10. Nc7+ Kd8 11. Nxa8 Na6 12. Nf3 Nb4 13. Bxb4 cxb4 14. O-O Qa5
15. Qe2 Nh6 16. h3 f5 17. e5 dxe5 18. Nxe5 Qxd5 19. Rbd1 Bxe5 20. fxe5 Qc5+ 21.
Kh1 Ke8 22. e6 Kf8 23. Bb5 Kg7 24. Qc4 Qxc4 25. Bxc4 Bxe6 26. Bxe6 Rxa8 27. Rd7
Kf6 28. Re1 b6 29. Rb7 f4 30. Bb3 Nf5 31. Ra1 Rd8 32. Rbxa7 Rd2 33. R7a6 Ne3
34. Rxb6+ Kg5 35. Rxb4 Rxg2 36. Rg1 Rxg1+ 37. Kxg1 e5 38. Rb5 Kh4 39. Rxe5 Kg3
40. c4 Nf5 41. Rxf5 1-0